| 000 | 003740000a22001330004500 | ||
|---|---|---|---|
| 082 | 0 | 4 | _aR 020 J28p |
| 100 | 1 | _aJaramillo, Orlanda | |
| 245 | 1 | 0 | _aPresencia de las Bibliotecas públicas en Medellín durante el siglo XX / Orlanda Jaramillo |
| 260 | _aMedellín : Universidad de Antioquia | ||
| 300 | _a150 P. | ||
| 500 | _aTexto de uso interno | ||
| 001 | 445 | ||
| 942 | _cLGB | ||
| 999 |
_c47683 _d47683 |
||